000 01717cam a2200205 4500
001 7856
005 20230410103547.0
008 060907n2002 dr spa
020 _a9993442119
035 _9funglode7923
041 _aES
050 1 4 _a118 PQ 7409.2
_bV443s 2002
100 1 _aVeloz Maggiolo, Marcio,
_d1936-
245 1 0 _aSanto Domingo en la novela dominicana /
_cMarcio Veloz Maggiolo
260 _aSanto Domingo :
_bEdiciones Ferilibro,
_c2002
300 _a227 p.
520 _aSanto Domingo en la novela dominicana / Marcio Veloz Maggiolo, 11. -- La sangre (una vida bajo la tiranía) / Tulio M. Cestero, 27. -- Navarijo / F. E. Moscoso Puello, 37. -- Eusebio Sapote (La historia y la novela de un tarado) / Enrique Aguiar, 43. -- La pandilla / Haim López Amiama, 53. -- En su niebla / Ramón Lacay Polanco, 57. -- Caonex / J. M. Sanz Lajara, 71. -- Guanuma / Federico García Godoy, 81. -- Los carpinteros / Joaquín Balaguer, 89. -- La ciudad herida / Carlos Federico Pérez, 97. -- Laura en sábado / Manuel Rueda, 103. -- Sólo cenizas hallarás (Bolero) / Pedro Vergés, 119. -- Fantasma de una lejana fantasía / Guillermo Piña Contreras, 131. -- Materia prima (protonovela) / Marcio Veloz Maggiolo, 137. -- La balada de Alfonsina Bairán / Andrés L. Mateo, 151. -- El personero / Efraim Castillo, 161. -- Los que falsificaron la firma de Dios / Viriato sención, 169. -- Las siempre insólitas cartas del destino / Roberto Marcallé Abreu, 177. -- Toda la vida / Manuel Salvador Gautier, 185. -- Aquiles Vargas, fantasma / Manuel García Cartagena, 193. -- Ya los oligarcas no bajan a la calle El Conde / Pedro Peix, 207
650 4 _aLiteratura dominicana
942 _2lcc
_cbk
999 _c21348
_d21348